Ownership control and the firm (Record no. 1262332)

MARC details
000 -LEADER
fixed length control field 00548nam a2200193Ia 4500
005 - DATE AND TIME OF LATEST TRANSACTION
control field 20250317130116.0
008 - FIXED-LENGTH DATA ELEMENTS--GENERAL INFORMATION
fixed length control field 008 250317s9999 xx 000 0 eng d
020 ## - INTERNATIONAL STANDARD BOOK NUMBER
International Standard Book Number 0-631-16175-9
040 ## - CATALOGING SOURCE
Original cataloging agency FMSL
Language of cataloging eng
Transcribing agency FMSL
041 ## - LANGUAGE CODE
Language code of text/sound track or separate title eng
Source of code eng
084 ## - COLON CLASSIFICATION NUMBER
Classification number X8(A):8 M8
Assigning agency FMSL
100 ## - MAIN ENTRY--PERSONAL NAME
Personal name Demsetz Harold
9 (RLIN) 249866
245 #0 - TITLE STATEMENT
Title Ownership control and the firm
260 ## - PUBLICATION, DISTRIBUTION, ETC.
Place of publication, distribution, etc. New York
Name of publisher, distributor, etc. New York, Basil Blackwell
Date of publication, distribution, etc. 1988
300 ## - PHYSICAL DESCRIPTION
Extent 300p
942 ## - ADDED ENTRY ELEMENTS (KOHA)
Koha item type Textbook
Classification part X8(A):8 M8

No items available.

Copyright @ Delhi University Library System